Communes de France contenant "Neuville" - Statistiques

Statistiques générales
  • Ce quiz a été pris 8 fois
  • Le résultat moyen est 8 sur 73
Statistiques - réponses
Région Code Postal Commune % Correct
51330 La Neuville-aux-{Bois}
63%
80140 Neuville-au-{Bois}
63%
45170 Neuville-aux-{Bois}
63%
Île-de-France 95000 Neuville-sur-{Oise}
63%
10250 Neuville-sur-{Seine}
63%
59239 La {Neuville}
50%
63160 Neuville
50%
Nouvelle-Aquitaine 19380 Neuville
50%
86170 Neuville-de-{Poitou}
38%
01160 Neuville-sur-{Ain}
38%
69143 Neuville-sur-{Saône}
38%
51800 La Neuville-au-{Pont}
25%
45390 La Neuville-sur-{Essonne}
25%
59960 Neuville-en-{Ferrain}
25%
Auvergne-Rhône-Alpes 01400 Neuville-les-{Dames}
25%
Bourgogne-Franche-Comté 58300 Neuville-lès-{Decize}
25%
62170 Neuville-sous-{Montreuil}
25%
59293 Neuville-sur-{Escaut}
25%
72190 Neuville-sur-{Sarthe}
25%
Pays de la Loire 49220 {Grez}-Neuville
13%
60190 La Neuville-{Roy}
13%
53200, 53360 La {Roche}-Neuville
13%
55260 Neuville-en-{Verdunois}
13%
37110 Neuville-sur-{Brenne}
13%
Bretagne 35250 {Andouillé}-Neuville
0%
51290 {Arzillières}-Neuville
0%
76660 {Bailleul}-Neuville
0%
45170 {Bougy}-lez-Neuville
0%
Grand Est 08450 La Neuville-à-{Maire}
0%
51400 La-Neuville-au-{Temple}
0%
08380 La Neuville-aux-{Joûtes}
0%
51480 La Neuville-aux-{Larris}
0%
Hauts-de-France 02250 La Neuville-{Bosmont}
0%
76520 La Neuville-{Chant}-d'{Oisel}
0%
27890 La Neuville-du-{Bosc}
0%
02300 La Neuville-en-{Beine}
0%
60510 La Neuville-en-{Hez}
0%
08310 La Neuville-en-{Tourne}-à-{Fuy}
0%
02250 La Neuville-{Housset}
0%
80340 La Neuville-lès-{Bray}
0%
02450 La Neuville-lès-{Dorengt}
0%
08270 La Neuville-lès-{Wasigny}
0%
60480 La Neuville-{Saint}-{Pierre}
0%
80110 La Neuville-{Sire}-{Bernard}
0%
60690 La Neuville-sur-{Oudeuil}
0%
60490 La Neuville-sur-{Ressons}
0%
60112 La Neuville-{Vault}
0%
Normandie 27220 {Mousseaux}-Neuville
0%
62130 Neuville-au-{Cornet}
0%
50480 Neuville-au-{Plain}
0%
60119 Neuville-{Bosc}
0%
62124 Neuville-{Bourjonval}
0%
80430 Neuville-{Coppegueule}
0%
08130 Neuville-{Day}
0%
59218 Neuville-en-{Avesnois}
0%
50250 Neuville-en-{Beaumont}
0%
76270 Neuville-{Ferrières}
0%
08090 Neuville-lès-{This}
0%
55140 Neuville-lès-{Vancouleurs}
0%
08380 Neuville-lez-{Beaulieu}
0%
02100 Neuville-{Saint}-{Amand}
0%
Centre-Val de Loire 28310 Neuville {Saint Denis}
0%
Hauts-de-France 59554 Neuville-Saint-{Rémy}
0%
62580 Neuville-{Saint}-{Vaast}
0%
02860 Neuville-sur-{Ailette}
0%
27800 Neuville-sur-{Authou}
0%
02880 Neuville-sur-{Margival}
0%
55800 Neuville-sur-{Ornain}
0%
61120 Neuville-sur-{Touques}
0%
10190 Neuville-sur-{Vanne}
0%
62217 Neuville-{Vitasse}
0%
76430 {Saint}-{Gilles}-de-la-Neuville
0%
76210 {Saint}-{Jean}-de-la-Neuville
0%
Aucun quiz correspondant
Distribution des résultats
% des personnes avec chaque résultat
Percentile par nombre de réponses
Votre historique - résultats
Vous n’avez pas pris ce quiz